00936nam a22002651 450000100060000000300080000600500170001400800390003103500190007003500190008904000340010804100080014208200180015010000320016824500900020025000180029026000420030830000210035065000390037165000420041070000480045294200120050099900170051295201410052917634BD-RjUL20211209000154.0140217s1960 cau 000 0 eng a(BD-RjUL)17692 a(OCoLC)6841374 aDLCcNSbSUdDLCdBD-RjULbeng aeng a808bCOR 19601 aCox, Martha Heasley.95437112aA reading approach to college writing /cMartha Heasley Cox and Dorothy Norris Foote. aAlternate ed. aSan Francisco :bH. Chandler,cc1960. a312 p. ;c21 cm. 0aEnglish languagexRhetoric.954372 0aAmerican essaysy20th century.9529881 aFoote, Dorothy Norrisejoint author.954373 2ddccBK c17634d17634 00102ddc40718NFICaRUCLbRUCLcReadingd1965-06-09ePeace corp., Rajshahil0o808 COR 1960r2014-02-17 00:00:00tC-1w2014-02-17yBK